Passereaux Français par image - Statistiques

Statistiques générales
  • Ce quiz a été pris 80 fois
  • Le résultat moyen est 22 sur 58
Statistiques - réponses
Par images Réponse % Correct
Pie
93%
Mésange
91%
Rougegorge
88%
Corneille
84%
Geai
81%
Merle
81%
Corbeau
77%
Etourneau
77%
Hirondelle
77%
Pinson
72%
Chardonneret
70%
Sittelle
70%
Bergeronnette
67%
Troglodyte
67%
Bouvreuil
65%
Choucas
63%
Roitelet
63%
Grive
60%
Grimpereau
58%
Grosbec
56%
Gorgebleue
53%
Rougequeue
53%
Verdier
53%
Pie-Grièche
42%
Moineau
37%
Bec-Croisé
35%
Pouillot
35%
Serin
35%
Linotte
33%
Alouette
30%
Cincle
30%
Rossignol
30%
Bruant
26%
Jaseur
23%
Accenteur
21%
Chocard
21%
Hypolaïs
21%
Tichodrome
21%
Panure
19%
Tarier
19%
Gobemouche
16%
Tarin
16%
Traquet
14%
Crave
12%
Phragmite
12%
Pipit
12%
Cisticole
9%
Rousserolle
9%
Bouscarle
7%
Fauvette
7%
Sizerin
7%
Durbec
5%
Locustelle
2%
Monticole
2%
Venturon
2%
Agrobate
0%
Lusciniole
0%
Niverolle
0%
Aucun quiz correspondant
Distribution des résultats
% des personnes avec chaque résultat
Percentile par nombre de réponses
Votre historique - résultats
Vous n’avez pas pris ce quiz